000 00427nam a2200157 i 4500
001 141084
003 ES-MaACL
005 20230906200222.0
007 t|
008 070919s1966 sp ||||1| spa d
100 1 _aYsern, Augusto.
_9117720
245 1 3 _aEl sabor revelado /
_cAugusto Ysern.
260 _aMadrid :
_b[s.n.],
_c1966 (
_fGráfs. E. M. A.)
300 _a53 p. ;
_c23 cm.
852 _aES-MaACL
_jC-31072
_bR.61454
999 _c141084
_d141084